000 00450nam a2200169Ia 4500
008 220216s9999 xx 000 0 und d
100 _aFoisset N
245 0 _aMolecular tagging of the dwarf BREIZH (Bzh) gene in Brassica napus
260 _bTheoretical and Applied Genetics
_c1995
300 _a756-761
650 _aRAPD markers
650 _aRFLP markers
700 _aBarret P
700 _aDelourme R
700 _aRenard M
942 _cJS
999 _c63221
_d63221